| 000 | 00517nam a2200169 a 4500 | ||
|---|---|---|---|
| 001 | 4679 | ||
| 003 | CO-ViMGA | ||
| 008 | 141112s2004 ck r 000 u spa d | ||
| 040 |
_aCO-ViMGA _bspa _cCO-ViMGA |
||
| 082 | 0 | 4 | _a928.6 R61 |
| 245 | 1 | 0 |
_aAugusto Roa bastos : _bpremio de literatura en lengua castellana miguel de cervantes 1989 |
| 260 |
_aBarcelona : _bAnthropos, _c1990 |
||
| 300 | _a143 p | ||
| 490 | _aAmbitos literarios/premios cervantes, 15 | ||
| 650 | 1 | 4 |
_aROA BASTOS, AUGUSTO 1917 _955676 |
| 942 |
_2ddc _cBK |
||
| 999 |
_c16689 _d16689 |
||